000 00367 a2200169 4500
001 49586
020 _a8506039975
040 _cAnchieta - Bela Vista
100 _aBandeira, Pedro
240 1 0 _aA baleiazinha
_lpor
245 1 0 _aA baleiazinha
300 _a23
362 0 _a2003
440 1 _aMelhoramentos
650 4 _aLiteratura infanto-juvenil
942 _cBK
999 _c49586
_d49586